Perfect phrases for sales presentations : Hundreds of ready-to-use phrases for delivering powerful presentations that close every sale
This go-to guide isexactly what you need to streamline this critical process. With hundreds of ready-to-use, time-saving phrases for delivering a winning sales presentation, this conciseguide provides the ideal language for: Making a great fi rst impression
Đã lưu trong:
| Príomhúdar: | |
|---|---|
| Formáid: | Leabhar |
| Teanga: | Undetermined |
| Foilsithe: |
New York
McGrawHill
2010
|
| Ábhair: | |
| Clibeanna: |
Cuir Clib Leis
Gan Chlibeanna, Bí ar an gcéad duine leis an taifead seo a chlibeáil!
|
| Thư viện lưu trữ: | Trung tâm Học liệu Trường Đại học Cần Thơ |
|---|
| LEADER | 00922nam a2200217Ia 4500 | ||
|---|---|---|---|
| 001 | CTU_155184 | ||
| 008 | 210402s9999 xx 000 0 und d | ||
| 020 | |c 210000 | ||
| 082 | |a 658.8106 | ||
| 082 | |b D537 | ||
| 100 | |a Diamond, Linda Eve | ||
| 245 | 0 | |a Perfect phrases for sales presentations : | |
| 245 | 0 | |b Hundreds of ready-to-use phrases for delivering powerful presentations that close every sale | |
| 245 | 0 | |c Linda Eve Diamond. | |
| 260 | |a New York | ||
| 260 | |b McGrawHill | ||
| 260 | |c 2010 | ||
| 520 | |a This go-to guide isexactly what you need to streamline this critical process. With hundreds of ready-to-use, time-saving phrases for delivering a winning sales presentation, this conciseguide provides the ideal language for: Making a great fi rst impression | ||
| 650 | |a Business presentations,Business presentations | ||
| 904 | |i Năm | ||
| 980 | |a Trung tâm Học liệu Trường Đại học Cần Thơ | ||